[Event "DEM U10 2016"]
[Site "Willingen GER"]
[Date "2016.05.17"]
[Round "5"]
[White "Böhm, Karl"]
[Black "Richter, Gerrit"]
[Result "1/2-1/2"]
[Termination "normal"]
[Board "27"]
[WhiteElo "1260"]
[BlackElo "1561"]
[PlyCount "92"]
[WhiteFideId "16209800"]
[BlackFideId "12990825"]
[EventCountry "GER"]
[EventRounds "11"]
[EventType "swiss"]
[EventDate "2016.05.14"]

1. e4 e6 2. d4 d5 3. exd5 exd5 4. Nf3 Nf6 5. Nc3 Bd6 6. Bd3 O-O 7. Bg5 Re8+ 8.
Be2 c6 9. O-O Bf5 10. Re1 Nbd7 11. Nh4 Bg6 12. Nxg6 hxg6 13. g3 Qc7 14. Bd3 c5
15. dxc5 Bxc5 16. Bb5 Qb6 17. Qd2 a6 18. Rxe8+ Rxe8 19. Bxf6 axb5 20. Bh4 g5
21. Bxg5 f6 22. Be3 Bxe3 23. fxe3 Rxe3 24. Qf2 Rf3 25. Qxb6 Nxb6 26. Nxb5 Nc4
27. b3 Ne3 28. Nd4 Nxc2 29. Nxc2 Kf7 30. Nd4 Rd3 31. Nb5 Ke6 32. Kf1 Rd2 33. h4
Ke5 34. Re1+ Kf5 35. Re7 g6 36. Nd6+ Kg4 37. Re6 Kxg3 38. Rxf6 Rxa2 39. Rxg6+
Kf3 40. Rf6+ Kg4 41. Nxb7 Kxh4 42. Rg6 Rb2 43. Nc5 d4 44. Rb6 Kg3 45. b4 Kf3
46. Rf6+ Ke3 1/2-1/2

[Event "DEM U10 2016"]
[Site "Willingen GER"]
[Date "2016.05.17"]
[Round "5"]
[White "Wellßow, Keoki"]
[Black "Poschadel, Andreas Gregor"]
[Result "0-1"]
[Termination "normal"]
[Board "28"]
[WhiteElo "975"]
[BlackElo "1222"]
[PlyCount "118"]
[WhiteFideId "16251075"]
[BlackFideId "16204948"]
[EventCountry "GER"]
[EventRounds "11"]
[EventType "swiss"]
[EventDate "2016.05.14"]

1. e4 e5 2. Nf3 Nc6 3. Bb5 a6 4. Bxc6 dxc6 5. O-O Bd6 6. Nc3 Bg4 7. d3 h6 8.
Be3 c5 9. Qe2 Nf6 10. Rad1 O-O 11. h3 Bh5 12. Nd5 c6 13. Nxf6+ Qxf6 14. g4 Bg6
15. Kg2 Rfe8 16. c3 Rac8 17. d4 cxd4 18. cxd4 Bxe4 19. dxe5 Qxe5 20. Rh1 Bxf3+
21. Qxf3 Rcd8 22. Bd4 Qg5 23. Be3 Qg6 24. Bb6 Rc8 25. Qf5 Qxf5 26. gxf5 Bf8 27.
Rd3 Re2 28. Rhd1 Rxb2 29. Bd4 Rxa2 30. Rg3 Rd8 31. f6 g6 32. h4 c5 33. Ra1 Re2
34. Bc3 Ra8 35. h5 g5 36. Kg1 Bd6 37. Rg4 Bf4 38. Ra4 Bc1 39. f4 Be3+ 40. Kh1
Rf2 41. Be5 Rf1+ 42. Kh2 b5 43. Re4 Bd2 44. Rg3 Kh7 45. Rg4 c4 46. fxg5 Bxg5
47. Ref4 Bxf4+ 48. Kg2 Bxe5 49. Rg7+ Kh8 50. Kxf1 Bxf6 51. Rxf7 Bg7 52. Rxg7
Kxg7 53. Ke1 a5 54. Kd1 b4 55. Kc1 a4 56. Kb1 a3 57. Ka1 b3 58. Kb1 Rd8 59. Kc1
Rd3 0-1

[Event "DEM U10 2016"]
[Site "Willingen GER"]
[Date "2016.05.18"]
[Round "6"]
[White "Rössel, Gino"]
[Black "Prieb, Robert"]
[Result "1/2-1/2"]
[Termination "normal"]
[Board "1"]
[WhiteElo "1682"]
[BlackElo "1505"]
[WhiteClock "00:06:12"]
[BlackClock "00:02:35"]
[PlyCount "155"]
[WhiteFideId "16203070"]
[BlackFideId "16212002"]
[EventCountry "GER"]
[EventRounds "11"]
[EventType "swiss"]
[EventDate "2016.05.14"]

1. e4 e5 2. Nf3 Nf6 3. Bc4 Nxe4 4. Nc3 Nc6 5. Nxe4 d5 6. Bxd5 Qxd5 7. Nc3 Qd8
8. O-O Bd6 9. d3 O-O 10. Be3 Bg4 11. h3 Bh5 12. Ne4 f5 13. Nxd6 cxd6 14. c3 Kh8
15. Qe1 Bxf3 16. gxf3 f4 17. Bd2 Qh4 18. Kh2 Qh5 19. Qe2 Rf6 20. Rh1 Ne7 21.
Rag1 Nf5 22. Rg4 Nh6 23. Rgg1 Nf7 24. Rg4 Ng5 25. h4 Rg6 26. Kg2 Qxg4+ 27. fxg4
f3+ 28. Qxf3 Nxf3 29. Kxf3 Rf8+ 30. Kg3 Rgf6 31. Be3 b6 32. a3 d5 33. d4 e4 34.
Rc1 b5 35. Rh1 Kg8 36. Re1 Kf7 37. Re2 Ke6 38. h5 Rf3+ 39. Kg2 Kd7 40. b4 Kc6
41. Ra2 Kb6 42. a4 bxa4 43. Rxa4 R3f7 44. Ra5 Rd7 45. Rc5 a6 46. Ra5 Rc8 47.
Bd2 Kb7 48. Kg3 Rf8 49. Kg2 Rf3 50. Rc5 Rd3 51. Be1 Rd1 52. Kf1 Ra1 53. Ke2 Kb6
54. Bd2 a5 55. bxa5+ Rxa5 56. Rxa5 Kxa5 57. c4+ Ka4 58. cxd5 Rxd5 59. Ke3 Kb3
60. Kxe4 Kc4 61. Be3 g6 62. hxg6 hxg6 63. f4 Ra5 64. f5 gxf5+ 65. gxf5 Ra8 66.
Bf4 Rd8 67. Be5 Kb5 68. f6 Kc6 69. Kf5 Kd7 70. d5 Rf8 71. Kg6 Ke8 72. d6 Rf7
73. Kf5 Rb7 74. Ke6 Rf7 75. Kd5 Rh7 76. Kc6 Rf7 77. Bd4 Rd7 78. Be5 1/2-1/2

[Event "DEM U10 2016"]
[Site "Willingen GER"]
[Date "2016.05.18"]
[Round "6"]
[White "Lutz, Adam"]
[Black "Fuchs, Florian"]
[Result "1-0"]
[Termination "normal"]
[Board "2"]
[WhiteElo "1601"]
[BlackElo "1724"]
[WhiteClock "00:45:53"]
[BlackClock "00:10:15"]
[PlyCount "83"]
[WhiteFideId "16226615"]
[BlackFideId "16213351"]
[EventCountry "GER"]
[EventRounds "11"]
[EventType "swiss"]
[EventDate "2016.05.14"]

1. e4 c5 2. Nf3 d6 3. d4 cxd4 4. Nxd4 Nf6 5. Nc3 a6 6. Bd3 g6 7. Nb3 Bg7 8. f4
Nc6 9. O-O Qb6+ 10. Kh1 Ng4 11. Qf3 Bd4 12. Nd5 Qa7 13. Nxd4 Nxd4 14. Qg3 b5
15. h3 h5 16. f5 gxf5 17. exf5 Bb7 18. Nc7+ Kd7 19. Nxa8 Bxa8 20. Be3 Ne2 21.
Bxe2 Nxe3 22. Rf2 Qd4 23. c3 h4 24. Qh2 Qc5 25. Qf4 Rg8 26. Bf3 Nxf5 27. Bxa8
Ng3+ 28. Kh2 Rxa8 29. Qxf7 Rg8 30. Re1 d5 31. Qxg8 Qxf2 32. Qxd5+ Ke8 33. Qc6+
Kf7 34. Qe6+ Kg7 35. Qxe7+ Kg8 36. Qg5+ Kh8 37. Qh6+ Kg8 38. Re8+ Kf7 39. Qf8+
Kg6 40. Re6+ Kg5 41. Qg7+ Kf4 42. Qg4# 1-0

[Event "DEM U10 2016"]
[Site "Willingen GER"]
[Date "2016.05.18"]
[Round "6"]
[White "Bui, Bao Anh Le"]
[Black "Tham, Nam"]
[Result "1-0"]
[Termination "normal"]
[Board "3"]
[WhiteElo "1659"]
[BlackElo "1575"]
[WhiteClock "01:02:52"]
[BlackClock "00:28:45"]
[PlyCount "107"]
[WhiteFideId "12970719"]
[BlackFideId "12997331"]
[EventCountry "GER"]
[EventRounds "11"]
[EventType "swiss"]
[EventDate "2016.05.14"]

1. e4 e5 2. Nf3 Nc6 3. Bc4 Bc5 4. c3 Nf6 5. d3 a6 6. Nbd2 d6 7. Bb3 Ba7 8. h3
h6 9. Nf1 O-O 10. Ng3 Re8 11. O-O Be6 12. Re1 d5 13. exd5 Bxd5 14. Bc2 Qd7 15.
Nh4 Be6 16. Qf3 Bd5 17. Ne4 Nxe4 18. dxe4 Be6 19. Nf5 Bxf5 20. exf5 Rad8 21. f6
Re6 22. fxg7 Qe7 23. Qf5 Rg6 24. Qh5 Qf6 25. Rf1 Kxg7 26. Bxg6 Qxg6 27. Qxg6+
Kxg6 28. Be3 Bxe3 29. fxe3 f5 30. Rad1 Kg5 31. Rxd8 Nxd8 32. Rd1 Ne6 33. Rd5
Kf6 34. Kf2 e4 35. g4 fxg4 36. hxg4 Ng5 37. Rd7 Ne6 38. Kg3 b6 39. Kh4 Kg6 40.
Re7 Kf6 41. Rxe6+ Kxe6 42. Kh5 Kf7 43. Kxh6 c5 44. g5 b5 45. Kh7 a5 46. g6+ Kf6
47. g7 b4 48. g8=Q a4 49. cxb4 cxb4 50. Qd5 a3 51. b3 Ke7 52. Kg6 Ke8 53. Kf6
Kf8 54. Qf7# 1-0

[Event "DEM U10 2016"]
[Site "Willingen GER"]
[Date "2016.05.18"]
[Round "6"]
[White "Metzdorf, Matteo"]
[Black "Wagner, Leopold Franziskus"]
[Result "0-1"]
[Termination "normal"]
[Board "4"]
[WhiteElo "1211"]
[BlackElo "1844"]
[WhiteClock "00:18:31"]
[BlackClock "00:43:34"]
[PlyCount "164"]
[WhiteFideId "16209869"]
[BlackFideId "1641581"]
[EventCountry "GER"]
[EventRounds "11"]
[EventType "swiss"]
[EventDate "2016.05.14"]

1. e4 c6 2. Nf3 d5 3. Nc3 d4 4. Ne2 c5 5. d3 Nc6 6. Bf4 g6 7. Ng3 Bg7 8. Be2 e5
9. Bd2 Nge7 10. O-O O-O 11. Qc1 Bg4 12. Nh4 Bxe2 13. Nxe2 Nc8 14. Nf3 f5 15.
Bh6 f4 16. Bxg7 Kxg7 17. Rd1 g5 18. Nd2 Nd6 19. f3 Qd7 20. Kh1 Kh8 21. Ng1 Rg8
22. Re1 Raf8 23. Re2 Rg6 24. Qf1 Nd8 25. Rc1 Ne6 26. c4 Kg7 27. Rc2 Kf7 28. Qb1
Ne8 29. b3 Nf6 30. Qb2 Rfg8 31. Nf1 Qc7 32. Qa3 b6 33. Qb2 Ke7 34. a3 g4 35. b4
gxf3 36. Nxf3 Ng4 37. b5 Ne3 38. Nxe3 fxe3 39. a4 Nf4 40. Nh4 Rf6 41. Nf5+ Kd8
42. Nxe3 Nxe2 43. Rxe2 dxe3 44. h3 Qd6 45. Rxe3 Rgf8 46. Kh2 Qd4 47. Qd2 Rg8
48. Re2 Qd6 49. Qe1 Qf8 50. Qh4 Qh6 51. Qe1 Qf4+ 52. Kg1 Rgf8 53. Qd2 Qxd2 54.
Rxd2 Rf1+ 55. Kh2 Ra1 56. Re2 Rxa4 57. Re3 a5 58. bxa6 Rxa6 59. Rg3 Rf7 60. Rg5
Re7 61. h4 Ra3 62. Rg3 Rd7 63. h5 Raxd3 64. Rg8+ Kc7 65. h6 R3d4 66. g4 R4d6
67. g5 Rg6 68. Rxg6 hxg6 69. Kg3 Kc6 70. Kf3 b5 71. cxb5+ Kxb5 72. Ke2 Kb4 73.
h7 Rxh7 74. Kd2 Kb3 75. Kc1 Rh2 76. Kd1 Kc3 77. Ke1 Kd3 78. Kf1 c4 79. Kg1 Re2
80. Kf1 c3 81. Kg1 c2 82. Kf1 c1=R# 0-1

[Event "DEM U10 2016"]
[Site "Willingen GER"]
[Date "2016.05.18"]
[Round "6"]
[White "Phan Trong, Dai"]
[Black "Hommer, Jeremy"]
[Result "0-1"]
[Termination "normal"]
[Board "5"]
[WhiteElo "1376"]
[BlackElo "1741"]
[WhiteClock "00:48:46"]
[BlackClock "00:07:23"]
[PlyCount "92"]
[WhiteFideId "16236939"]
[BlackFideId "12992577"]
[EventCountry "GER"]
[EventRounds "11"]
[EventType "swiss"]
[EventDate "2016.05.14"]

1. d4 d5 2. c4 e6 3. Nf3 f5 4. g3 Nf6 5. Bg2 Be7 6. O-O O-O 7. b3 c6 8. Ba3
Bxa3 9. Nxa3 Qe7 10. Nc2 Bd7 11. Ne5 Be8 12. Ne1 Bh5 13. N1d3 Nbd7 14. Rc1 Rac8
15. Qc2 Nxe5 16. Nxe5 Nd7 17. Nd3 g5 18. e3 Kh8 19. Qd2 Rg8 20. Rfe1 Rcf8 21.
f4 Be8 22. Qa5 h5 23. Qd2 Rg7 24. Kh1 Rh7 25. Qf2 Rg8 26. Rg1 h4 27. Bf3 Nf6
28. Ne5 g4 29. Bg2 Qg7 30. Rc2 Qh6 31. a3 Nh5 32. gxh4 g3 33. Qf3 gxh2 34. Rgc1
Ng3+ 35. Kxh2 Qxh4+ 36. Kg1 Ne4 37. Kf1 Rg3 38. Qd1 Rxe3 39. Bxe4 fxe4 40. Rg2
Bh5 41. Qd2 Rh3 42. Rg4 Bxg4 43. Ng6+ Kg7 44. Nxh4 R7xh4 45. Qg2 Rh1+ 46. Kf2
Rxc1 0-1

[Event "DEM U10 2016"]
[Site "Willingen GER"]
[Date "2016.05.18"]
[Round "6"]
[White "Laux, Dominik"]
[Black "Eilenberg, Jonas"]
[Result "1-0"]
[Termination "normal"]
[Board "6"]
[WhiteElo "1529"]
[BlackElo "1494"]
[WhiteClock "00:04:23"]
[BlackClock "00:22:05"]
[PlyCount "143"]
[WhiteFideId "12994219"]
[BlackFideId "16204271"]
[EventCountry "GER"]
[EventRounds "11"]
[EventType "swiss"]
[EventDate "2016.05.14"]

1. d4 d5 2. Nc3 Nf6 3. Bf4 c6 4. Qd2 Bf5 5. f3 h5 6. e3 e6 7. Bd3 Bh7 8. Nge2
Bb4 9. a3 Ba5 10. h3 Bg8 11. O-O-O b5 12. g4 b4 13. axb4 Bxb4 14. Be5 a5 15. g5
a4 16. gxf6 a3 17. b3 a2 18. Kb2 gxf6 19. Bf4 Nd7 20. Bh2 Qe7 21. Qe1 Ba3+ 22.
Ka1 Bb4 23. Qg3 Bxc3+ 24. Nxc3 Qb4 25. Ne2 Nb6 26. Qd6 Qxd6 27. Bxd6 Kd7 28.
Bc5 Nc8 29. Nc3 Nd6 30. Bxd6 Kxd6 31. Nxa2 Bh7 32. Bxh7 Rxh7 33. Rhg1 Ra7 34.
Rg8 Kd7 35. Kb2 Rh6 36. Rdg1 Rh7 37. Nb4 Rb7 38. Kc3 e5 39. R1g7 Rxg7 40. Rxg7
Kd6 41. Rh7 exd4+ 42. exd4 Re7 43. Kd3 c5 44. Nxd5 Kxd5 45. Rxh5+ Kd6 46. Rxc5
Re8 47. h4 Re1 48. h5 Rd1+ 49. Kc4 Rf1 50. Rf5 Ke6 51. Rf4 Rh1 52. Re4+ Kd6 53.
d5 Rxh5 54. Rd4 Rf5 55. Rd3 Re5 56. Kb4 Re8 57. c4 Rb8+ 58. Kc3 Ra8 59. b4 Ra3+
60. Kd4 Ra4 61. c5+ Kd7 62. Kc4 Ra1 63. Kb5 Rb1 64. f4 Rf1 65. Rd4 Rb1 66. Kb6
Rb2 67. d6 Rc2 68. b5 Rb2 69. c6+ Kd8 70. Rd5 f5 71. Rxf5 f6 72. Rxf6 1-0

[Event "DEM U10 2016"]
[Site "Willingen GER"]
[Date "2016.05.18"]
[Round "6"]
[White "Gluma, Christian"]
[Black "Schubert, Nikita"]
[Result "1/2-1/2"]
[Termination "normal"]
[Board "7"]
[WhiteElo "1468"]
[BlackElo "1652"]
[WhiteClock "00:09:43"]
[BlackClock "00:07:40"]
[PlyCount "73"]
[WhiteFideId "16223209"]
[BlackFideId "16212339"]
[EventCountry "GER"]
[EventRounds "11"]
[EventType "swiss"]
[EventDate "2016.05.14"]

1. e4 e5 2. Nf3 Nc6 3. Bc4 Bc5 4. d3 Nf6 5. Bg5 d6 6. Nbd2 h6 7. Be3 Bb6 8. h3
Be6 9. O-O O-O 10. Re1 Re8 11. Bb5 Bd7 12. Bc4 Na5 13. Nh2 c6 14. Qf3 Nxc4 15.
Nxc4 Bc7 16. Qg3 Kh7 17. f3 d5 18. Na3 d4 19. Bc1 Nh5 20. Qf2 g5 21. g4 Nf4 22.
Bxf4 gxf4 23. Kf1 Rg8 24. Ke2 b5 25. Nb1 Bd6 26. Rg1 Be7 27. Qe1 a5 28. Nd2 Bh4
29. Qf1 Qb6 30. Qc1 Be6 31. Nhf1 c5 32. b3 Rgc8 33. Qa3 b4 34. Qb2 Ra6 35. Nc4
Bxc4 36. bxc4 Rca8 37. Nd2 1/2-1/2

[Event "DEM U10 2016"]
[Site "Willingen GER"]
[Date "2016.05.18"]
[Round "6"]
[White "Toval, David"]
[Black "Schwartz, Oliver"]
[Result "1/2-1/2"]
[Termination "normal"]
[Board "8"]
[WhiteElo "1516"]
[BlackElo "1440"]
[WhiteClock "00:18:30"]
[BlackClock "00:54:09"]
[PlyCount "51"]
[WhiteFideId "12992755"]
[BlackFideId "16207459"]
[EventCountry "GER"]
[EventRounds "11"]
[EventType "swiss"]
[EventDate "2016.05.14"]

1. e4 c5 2. c3 d5 3. exd5 Qxd5 4. d4 Nc6 5. Nf3 Nf6 6. Be2 cxd4 7. cxd4 e6 8.
Nc3 Qd6 9. O-O Be7 10. Bg5 O-O 11. Qd2 Rd8 12. Rfd1 b6 13. Rac1 Bb7 14. Bb5
Rac8 15. Bf4 Qd7 16. Ne5 Qe8 17. Nf3 a6 18. Bd3 Rd7 19. Ne5 Rxd4 20. Nxc6 Qxc6
21. Ne4 Nxe4 22. Rxc6 Nxd2 23. Rxd2 Rxf4 24. Rxb6 Rc7 25. g3 Rf3 26. Rxb7
1/2-1/2

[Event "DEM U10 2016"]
[Site "Willingen GER"]
[Date "2016.05.18"]
[Round "6"]
[White "Grunert, Wilhelm"]
[Black "Schlie, Johann"]
[Result "0-1"]
[Termination "normal"]
[Board "9"]
[WhiteElo "1374"]
[BlackElo "1244"]
[WhiteClock "00:27:13"]
[BlackClock "00:32:49"]
[PlyCount "88"]
[WhiteFideId "12995673"]
[BlackFideId "16211596"]
[EventCountry "GER"]
[EventRounds "11"]
[EventType "swiss"]
[EventDate "2016.05.14"]

1. e4 c5 2. Nf3 Nc6 3. d4 cxd4 4. Nxd4 g6 5. Nc3 Bg7 6. Be3 Nf6 7. Bc4 Qa5 8.
f3 Qb4 9. Bb3 Nxe4 10. a3 Nxc3 11. Qd2 Qd6 12. bxc3 Qc7 13. O-O O-O 14. Bh6 Re8
15. Bxg7 Kxg7 16. Rfe1 Qb6 17. Kh1 e6 18. Rab1 Qd8 19. Nb5 d5 20. Nd4 Bd7 21.
Ba4 e5 22. Bxc6 bxc6 23. Nb3 Qe7 24. a4 Rab8 25. f4 e4 26. Qd4+ Qf6 27. Qxa7
Bf5 28. Qd4 Qxd4 29. cxd4 e3 30. Rb2 Bxc2 31. Rxc2 Rxb3 32. Rce2 Ra3 33. Kg1
Rxa4 34. Rxe3 Rxe3 35. Rxe3 Rxd4 36. g3 Re4 37. Rc3 Rc4 38. Rxc4 dxc4 39. Kf2
Kf6 40. g4 Ke6 41. Ke3 Kd5 42. h4 c3 43. Kd3 c2 44. Kxc2 Ke4 0-1

[Event "DEM U10 2016"]
[Site "Willingen GER"]
[Date "2016.05.18"]
[Round "6"]
[White "Felten, Maximilian"]
[Black "Huo, Da"]
[Result "1/2-1/2"]
[Termination "normal"]
[Board "10"]
[WhiteElo "1369"]
[BlackElo "1703"]
[PlyCount "137"]
[WhiteFideId "4004949"]
[BlackFideId "16221206"]
[EventCountry "GER"]
[EventRounds "11"]
[EventType "swiss"]
[EventDate "2016.05.14"]

1. e4 c5 2. Nc3 a6 3. d3 b5 4. g3 Bb7 5. Bg2 e6 6. Nge2 Nf6 7. O-O d6 8. f4 Qc7
9. Qe1 Be7 10. Qf2 O-O 11. Bd2 Nbd7 12. Rae1 b4 13. Nd1 a5 14. Ne3 Nb6 15. g4
d5 16. e5 Nfd7 17. Qg3 f6 18. exf6 Bxf6 19. Nd1 Rfe8 20. g5 Be7 21. Bh3 Bd6 22.
Bg4 Nf8 23. h4 Bc6 24. Bh5 Re7 25. Bg4 Rd8 26. Qh3 Bd7 27. f5 exf5 28. Bxf5
Bxf5 29. Rxf5 Rde8 30. Qg2 Ng6 31. Qg4 Nxh4 32. Qxh4 Rxe2 33. Rxe2 Rxe2 34. Qh5
Qe7 35. Rf2 Rxf2 36. Kxf2 Qf7+ 37. Qxf7+ Kxf7 38. b3 Kg6 39. Kf3 c4 40. Be3
cxd3 41. cxd3 Nd7 42. Bc1 Ne5+ 43. Ke3 Kf5 44. Kd4 Ke6 45. Ke3 Nf7 46. Kf3 Ke5
47. Be3 Kf5 48. Bb6 Nxg5+ 49. Ke3 h5 50. Bxa5 Ne6 51. Bb6 Bc5+ 52. Bxc5 Nxc5
53. Kd4 h4 54. Kxc5 h3 55. Nf2 h2 56. Kxb4 Kf4 57. a4 Kf3 58. Nh1 Kg2 59. a5
Kxh1 60. a6 Kg1 61. a7 h1=Q 62. a8=Q Qg2 63. Qa7+ Kh2 64. Qc7+ Kh3 65. Qd7+ Kh4
66. Kc5 Qc2+ 67. Kxd5 Qxd3+ 68. Kc6 Qxb3 69. Kd6 1/2-1/2

[Event "DEM U10 2016"]
[Site "Willingen GER"]
[Date "2016.05.18"]
[Round "6"]
[White "Strehse, Nelson"]
[Black "Hagner, Bennet"]
[Result "0-1"]
[Termination "normal"]
[Board "11"]
[WhiteElo "1354"]
[BlackElo "1370"]
[PlyCount "108"]
[WhiteFideId "16228898"]
[BlackFideId "16224477"]
[EventCountry "GER"]
[EventRounds "11"]
[EventType "swiss"]
[EventDate "2016.05.14"]

1. e4 e5 2. Nf3 Nc6 3. Nc3 Nf6 4. d4 exd4 5. Nxd4 Bb4 6. Nxc6 bxc6 7. Bd3 O-O
8. O-O d5 9. exd5 cxd5 10. Bg5 c6 11. Qf3 Bd6 12. Bxf6 Qxf6 13. Qxf6 gxf6 14.
Rfe1 Rb8 15. Rab1 Kh8 16. b3 Bb4 17. Re7 Bxc3 18. Rxa7 Be6 19. a4 Bd4 20. Rc7
Rfc8 21. Rxc8+ Rxc8 22. Rc1 c5 23. c3 Be5 24. Kf1 Re8 25. c4 d4 26. g3 Rb8 27.
Bc2 d3 28. Bxd3 Rxb3 29. Be2 Ra3 30. Bd1 Bd7 31. f4 Bd4 32. Rb1 Bxa4 33. Bxa4
Rxa4 34. Rc1 Ra2 35. h3 Rh2 36. Re1 Rf2+ 37. Kg1 Rc2+ 38. Kf1 Rxc4 39. Re7 Kg7
40. Kg2 Rc2+ 41. Kf3 Rf2+ 42. Kg4 Kg6 43. h4 h5+ 44. Kh3 Rd2 45. f5+ Kxf5 46.
Rxf7 Bg1 47. g4+ hxg4+ 48. Kg3 Bf2+ 49. Kg2 Bxh4+ 50. Kf1 Kf4 51. Re7 Kf3 52.
Re1 Bxe1 53. Kxe1 Rd3 54. Kf1 Rd1# 0-1

[Event "DEM U10 2016"]
[Site "Willingen GER"]
[Date "2016.05.18"]
[Round "6"]
[White "Lox, Nils Norman"]
[Black "Bungarten, Jona"]
[Result "1-0"]
[Termination "normal"]
[Board "12"]
[WhiteElo "1480"]
[BlackElo "1466"]
[PlyCount "71"]
[WhiteFideId "16221389"]
[BlackFideId "16223608"]
[EventCountry "GER"]
[EventRounds "11"]
[EventType "swiss"]
[EventDate "2016.05.14"]

1. d4 d5 2. Nf3 Nf6 3. e3 c5 4. c3 Bf5 5. Bd3 Bg6 6. Qe2 Nc6 7. O-O e6 8. Nbd2
Bd6 9. dxc5 Bxc5 10. e4 dxe4 11. Nxe4 Nxe4 12. Bxe4 Qc7 13. Bg5 f6 14. Bxg6+
hxg6 15. Qxe6+ Qe7 16. Qxe7+ Kxe7 17. Bf4 g5 18. Rfe1+ Kf7 19. Bg3 g4 20. Nd2
g5 21. Nc4 b5 22. Bd6 Bxf2+ 23. Kxf2 bxc4 24. Re4 Rad8 25. Bc5 Ne5 26. Kg1 Rd2
27. b3 Nf3+ 28. gxf3 Rhxh2 29. fxg4 Rdg2+ 30. Kf1 Rd2 31. Rae1 Rh1+ 32. Bg1
Rxa2 33. Rxc4 Rh3 34. Rc7+ Kg6 35. Ree7 f5 36. Rc6# 1-0

[Event "DEM U10 2016"]
[Site "Willingen GER"]
[Date "2016.05.18"]
[Round "6"]
[White "Theile, Cedric"]
[Black "Werner, Denis"]
[Result "1/2-1/2"]
[Termination "normal"]
[Board "14"]
[WhiteElo "1287"]
[BlackElo "1397"]
[PlyCount "140"]
[WhiteFideId "16283228"]
[BlackFideId "16226429"]
[EventCountry "GER"]
[EventRounds "11"]
[EventType "swiss"]
[EventDate "2016.05.14"]

1. e4 c6 2. d4 d5 3. Nc3 dxe4 4. Nxe4 Nf6 5. Nxf6+ exf6 6. Bc4 Bd6 7. Bd2 O-O
8. Be3 Nd7 9. Nf3 Nb6 10. Bd3 Bg4 11. h3 Bh5 12. g4 Bg6 13. Qd2 Bxd3 14. Qxd3
Qc7 15. Qd2 Nc4 16. Qc1 Nxe3 17. fxe3 Bb4+ 18. c3 Qg3+ 19. Ke2 Qg2+ 20. Kd3
Bxc3 21. bxc3 Qxf3 22. Qf1 Qd5 23. h4 Qe6 24. Rg1 Rfe8 25. Qf4 b5 26. Kd2 Qe4
27. Qxe4 Rxe4 28. Rg3 Kf8 29. h5 h6 30. Rh1 Ke7 31. Re1 Kd6 32. Kd3 Rae8 33. a3
Kd5 34. Rf1 Kd6 35. Rff3 Kc7 36. c4 Kb6 37. cxb5 cxb5 38. Rf5 a6 39. g5 fxg5
40. Rxf7 R4e7 41. Rf5 Ka5 42. Rc5 Ka4 43. Rc3 Re4 44. Rc6 a5 45. Rc3 Rh4 46. d5
Rxh5 47. e4 Rh4 48. Re3 b4 49. axb4 axb4 50. Rc4 g4 51. e5 Rh3 52. e6 Rxe3+ 53.
Kxe3 Kb5 54. Rxg4 Kc5 55. Rxg7 Kxd5 56. Rb7 Kc4 57. e7 Kc3 58. Kf4 b3 59. Kg4
b2 60. Kh5 Kc2 61. Rc7+ Kd2 62. Rd7+ Kc3 63. Rc7+ Kd4 64. Rb7 Kc3 65. Rc7+ Kd2
66. Rd7+ Kc1 67. Rc7+ Kd1 68. Rd7+ Ke2 69. Rb7 Rxe7 70. Rxe7+ Kd2 1/2-1/2

[Event "DEM U10 2016"]
[Site "Willingen GER"]
[Date "2016.05.18"]
[Round "6"]
[White "Nitsche, Nikolai"]
[Black "Lehmann, Nils"]
[Result "1-0"]
[Termination "normal"]
[Board "15"]
[WhiteElo "1371"]
[BlackElo "1461"]
[PlyCount "79"]
[WhiteFideId "16221036"]
[BlackFideId "12982610"]
[EventCountry "GER"]
[EventRounds "11"]
[EventType "swiss"]
[EventDate "2016.05.14"]

1. d4 Nf6 2. Bf4 e6 3. Nf3 b6 4. e3 Bb7 5. Bd3 d6 6. O-O Nbd7 7. Nbd2 g6 8. c3
Bg7 9. Re1 O-O 10. e4 e5 11. dxe5 dxe5 12. Bxe5 Nh5 13. Bxg7 Kxg7 14. Qe2 Nc5
15. Bc4 Re8 16. Rad1 Qe7 17. e5 Rad8 18. Qe3 h6 19. b4 Ne6 20. Bxe6 Qxe6 21. a3
Qf5 22. Nd4 Qd7 23. N2f3 Qe7 24. h3 Kh7 25. Nh2 g5 26. Ng4 Qf8 27. Qd3+ Kg8 28.
Qe3 Qg7 29. Nf5 Qg6 30. Rxd8 Kf8 31. Rxe8+ Kxe8 32. Nfxh6 Kf8 33. e6 f5 34. e7+
Ke8 35. Qe5 fxg4 36. Qh8+ Kd7 37. e8=Q+ Qxe8 38. Qxe8+ Kd6 39. Nf7+ Kd5 40.
Qe6# 1-0

[Event "DEM U10 2016"]
[Site "Willingen GER"]
[Date "2016.05.18"]
[Round "6"]
[White "Klonov, Jakov"]
[Black "Laube, Jannis"]
[Result "1-0"]
[Termination "normal"]
[Board "16"]
[WhiteElo "1333"]
[BlackElo "1495"]
[PlyCount "73"]
[WhiteFideId "16211928"]
[BlackFideId "16205995"]
[EventCountry "GER"]
[EventRounds "11"]
[EventType "swiss"]
[EventDate "2016.05.14"]

1. e4 e5 2. Nf3 Nc6 3. Bc4 Nf6 4. Ng5 d5 5. exd5 Na5 6. Bb5+ c6 7. dxc6 bxc6 8.
Be2 Bc5 9. O-O Ng4 10. Ne4 Qd4 11. Nxc5 Nxf2 12. Rxf2 Qxc5 13. Kf1 Qd5 14. Nc3
Qd6 15. d3 c5 16. g3 Qc6 17. Bf3 Bh3+ 18. Kg1 Qg6 19. Bxa8 f5 20. Bg2 f4 21.
Bxh3 fxg3 22. hxg3 Qxg3+ 23. Bg2 Rf8 24. Rxf8+ Kxf8 25. Qf3+ Qxf3 26. Bxf3 c4
27. dxc4 Nxc4 28. b3 Nd6 29. Be3 a5 30. Bc5 Ke7 31. Ne4 h6 32. Bxd6+ Ke6 33.
Rd1 Kf5 34. Rd5 Kf4 35. Kf2 g5 36. Rxe5 g4 37. Rh5# 1-0

[Event "DEM U10 2016"]
[Site "Willingen GER"]
[Date "2016.05.18"]
[Round "6"]
[White "Hagenbeck-Hübert, Ben"]
[Black "Walter, Alexander"]
[Result "1-0"]
[Termination "normal"]
[Board "18"]
[WhiteElo "1428"]
[BlackElo "1128"]
[PlyCount "127"]
[WhiteFideId "16230779"]
[BlackFideId "16227620"]
[EventCountry "GER"]
[EventRounds "11"]
[EventType "swiss"]
[EventDate "2016.05.14"]

1. e4 e5 2. Nf3 Nc6 3. Nc3 Nf6 4. Bb5 d6 5. d4 exd4 6. Nxd4 Bd7 7. O-O Be7 8.
Bf4 O-O 9. Bxc6 bxc6 10. Re1 Re8 11. e5 dxe5 12. Bxe5 Bd6 13. Bg3 Rxe1+ 14.
Qxe1 Qe8 15. Rd1 Qxe1+ 16. Rxe1 h6 17. a3 Re8 18. Rxe8+ Bxe8 19. b4 c5 20. Ndb5
Bxb5 21. Nxb5 Ne8 22. Nxa7 cxb4 23. Bxd6 Nxd6 24. axb4 Kf8 25. Kf1 Ke7 26. Nc6+
Kd7 27. Ne5+ Ke6 28. f4 f6 29. Nf3 Kd5 30. Nd2 Kc6 31. Ke2 Kb5 32. c3 c5 33.
bxc5 Kxc5 34. Kd3 Nf7 35. Ne4+ Kc6 36. Ng3 g6 37. Ne4 f5 38. Nf6 Kd6 39. Kd4
Ke6 40. Nd5 Kd6 41. c4 Nd8 42. c5+ Kd7 43. Ke5 Nb7 44. c6+ Kxc6 45. Ne7+ Kd7
46. Nxg6 Nd6 47. Nh4 Ke7 48. Nxf5+ Nxf5 49. Kxf5 Kf7 50. g4 Kf8 51. Kg6 Kg8 52.
Kxh6 Kh8 53. f5 Kg8 54. g5 Kh8 55. h4 Kg8 56. h5 Kh8 57. Kg6 Kg8 58. f6 Kf8 59.
h6 Ke8 60. h7 Kd7 61. f7 Kd6 62. f8=Q+ Ke5 63. h8=Q+ Ke4 64. Qhf6 1-0

[Event "DEM U10 2016"]
[Site "Willingen GER"]
[Date "2016.05.18"]
[Round "6"]
[White "May, Ben-Iven"]
[Black "Frank, Marian"]
[Result "1/2-1/2"]
[Termination "normal"]
[Board "19"]
[WhiteElo "1330"]
[BlackElo "1101"]
[PlyCount "48"]
[WhiteFideId "16229673"]
[BlackFideId "16245059"]
[EventCountry "GER"]
[EventRounds "11"]
[EventType "swiss"]
[EventDate "2016.05.14"]

1. e4 e5 2. Nf3 Nc6 3. d4 exd4 4. Nxd4 Bc5 5. Be3 Nxd4 6. Bxd4 Bxd4 7. Qxd4 Qf6
8. e5 Qb6 9. Qc3 Qc6 10. Qxc6 dxc6 11. Bc4 Be6 12. Bxe6 fxe6 13. Nc3 O-O-O 14.
Rd1 Ne7 15. O-O Nd5 16. Ne2 Nb4 17. Nd4 Rhe8 18. c3 Nd5 19. Rd2 Nb6 20. f4 c5
21. Nf3 Nc4 22. Re2 h6 23. b3 Nb6 24. c4 Rf8 1/2-1/2